000 01452nam0a2200325 4500
001 RU\NLR\bibl\74222
005 20260607053914.0
010 _a5-7276-0141-0
_91000
021 _aRU
_b1998-45833
_92204
035 _a(NLR Aleph) 000072426
090 _a400038
_c400038
100 _a20000313d1998 |||y0rusy50 ca
101 0 _arus
102 _aRU
105 _aa |||||||||
200 1 _aСоя в Центральном Черноземье
_fС.В. Кадыров, В.А. Федотов
_gПод ред. проф. В.Е. Шевченко
_gМ-во сел. хоз-ва и продовольствия Рос. Федерации, Воронеж. гос. аграр. ун-т им. К.Д. Глинки
210 _aВоронеж
_cВГАУ
_d1998
215 _a50 с.
_cил.
_d20
320 _aБиблиогр.: с. 148-149 (29 назв.)
606 0 _aСоя
_xКультура
_yРоссийская Федерация
_yЧерноземный центр
_92258935
_3RU\NLR\auth\661354577
686 _aП213.6-4(2Р345)
700 1 _4070
_7ca
_8rus
_aКадыров
_bС. Г.
_9117203
_3RU\NLR\auth\777266
701 1 _4070
_7ca
_8rus
_aФедотов
_bВ. А.
_cд-р с.-х. наук
_f1936-
_gВасилий Антонович
_919198
_3RU\NLR\auth\7736207
801 0 _aRU
_bNLR
_c20000313
_gPSBO
801 1 _aRU
_bNLR
_c20000313
830 _aАвт. по кн.
852 _aNLR
_j99-3/20309
942 _cBOOK
980 _aNB